| 000 | 00407nam a2200121Ia 4500 | ||
|---|---|---|---|
| 008 | 160609s9999 xx 000 0 und d | ||
| 100 | _aSilverman, Jacob. | ||
| 245 | _aTerms Of Service: Social Media And The Price Of Constant Connection | ||
| 245 | _cBy:Jacob Silverman | ||
| 260 | _c2015 | ||
| 650 | _xCOMMUNICATION AND SOCIETY | ||
| 856 | _uhttp://file.ebook777.com/013/TerOfSerSocMedAndThePriOfConCon.rar | ||
| 999 |
_c295604 _d295604 |
||